000 00510nam a2200181Ia 4500
005 20250326124726.0
008 250326s9999 xx 000 0 und d
037 _aTextbook
040 _aFMSL
_beng
_cFMSL
041 _aeng
_2eng
084 _aX:89A J8
_qFMSL
100 _aDavison J P
_9345570
245 0 _aProductivity and economic incentives
_cDavison J P
260 _aLondon
_bLondon, George Allen & Unwin
_c1958
300 _a306p
942 _cTB
_hX:89A J8
999 _c1274933
_d1274933